Europa dla wszystkich dziesiec szkiców o konstrukcji europejskiej

Enregistré dans:
Détails bibliographiques
Auteur principal: de Schoutheete, Philippe
Autres auteurs: Haczyk, Ewa
Format: Livre
Langue:polonais
Publié: Warszawa INTERPRESS 1999
Sujets:
Tags: Ajouter un tag
Pas de tags, Soyez le premier à ajouter un tag!

MARC

LEADER 00000nam a2200000 4500
001 c123125
005 20230220122121.6
020 |a 83-223-2692-0 
041 0 |a pol 
044 |a PL 
245 1 0 |a Europa dla wszystkich  |b dziesiec szkiców o konstrukcji europejskiej  |c Philippe de Schoutheete ; tlumaczenie: Ewa Haczyk 
264 1 |a Warszawa  |b INTERPRESS  |c 1999 
300 |a 173 s. 
610 2 0 |a integrácia ekonomická medzinárodná 
610 2 0 |a spolupráca hospodárska medzinárodná 
610 2 0 |a politika medzinárodná 
610 2 0 |a národ 
610 2 0 |a právo 
610 2 0 |a politika 
610 2 0 |a demokracia 
610 2 0 |a komunikácia 
610 2 0 |a konkurencia 
610 2 0 |a štruktúra organizačná 
610 2 0 |a organizácie medzinárodné 
610 2 0 |a Európska únia 
610 2 0 |a Európa 
100 1 |a de Schoutheete, Philippe 
700 1 |a Haczyk, Ewa